[Event "Titled Tuesday intern op 10th May Early"]
[Site "Chess.com INT"]
[Date "2022.05.10"]
[Round "9"]
[White "Fier, Alexandr"]
[Black "Zhigalko, Sergei"]
[Result "1/2-1/2"]
[WhiteElo "2567"]
[BlackElo "2572"]
[PlyCount "194"]
[EventDate "2022.05.10"]
[EventType "swiss (blitz)"]
[EventRounds "11"]
[EventCountry "USA"]
[SourceTitle "CBM 208 Extra"]
[Source "ChessBase"]
[SourceDate "2022.07.31"]
[SourceVersion "1"]
[SourceVersionDate "2022.07.31"]
[SourceQuality "1"]

1. d4 Nf6 2. c4 e6 3. Nc3 Bb4 4. e3 O-O 5. Nge2 d5 6. a3 Be7 7. cxd5 exd5 8. Nf4 Re8 9. Bd3 c6 10. O-O Nbd7 11. Bc2 Nf8 12. b4 Ng6 13. Nfe2 Bd6 14. f3 Qc7 15. g3 Bh3 16. Rf2 Rad8 17. Rb1 h5 18. Nf4 Bxf4 19. exf4 Qc8 20. b5 cxb5 21. Bd2 a6 22. a4 Qc4 23. axb5 Qxd4 24. Ne2 Qc5 25. bxa6 bxa6 26. Bb4 Qe3 27. Rb3 Qa7 28. Nd4 Rb8 29. Nc6 Qb6 30. Nxb8 Qxb8 31. Bc3 Qa7 32. Bd4 Qxd4 33. Bd3 a5 34. Ra3 Qc5 35. Ra1 d4 36. Rc2 Qd6 37. Rxa5 Nd5 38. Re2 Ne3 39. Qb3 Re7 40. Rxh5 Be6 41. Qa4 Nf8 42. Qa8 g6 43. Re5 Bd5 44. Qa6 Qxa6 45. Bxa6 Rxe5 46. fxe5 Bxf3 47. Rd2 Ne6 48. Bc8 Nc5 49. Rxd4 Bc6 50. Rd6 Be4 51. e6 Nxe6 52. Bxe6 fxe6 53. Rxe6 Nf5 54. Rxe4 Kg7 55. Rf4 Ne7 56. Ra4 Nd5 57. Ra5 Nf6 58. Kg2 Kh6 59. Kf3 Nd7 60. h4 Nb6 61. g4 Nc4 62. Rc5 Nd2+ 63. Kf4 Nb3 64. Rd5 Nc1 65. g5+ Kh5 66. Re5 Nd3+ 67. Ke4 Nxe5 68. Kxe5 Kxh4 69. Kf4 Kh5 70. Kf3 Kxg5 71. Kg3 Kf5 72. Kf3 Kg5 73. Kg3 Kf5 74. Kf3 Kf6 75. Kf4 Kg7 76. Kg5 Kf7 77. Kg4 Kf6 78. Kf4 Kg7 79. Kg5 Kh7 80. Kg4 Kh6 81. Kh4 g5+ 82. Kg4 Kg6 83. Kg3 Kh5 84. Kh3 g4+ 85. Kg3 Kg5 86. Kg2 Kf4 87. Kf2 Kf5 88. Kg3 Kg5 89. Kg2 Kh4 90. Kh2 g3+ 91. Kg2 Kg4 92. Kg1 Kf3 93. Kf1 Kf4 94. Kg2 Kg4 95. Kg1 Kh3 96. Kh1 Kh4 97. Kg2 Kg4 1/2-1/2

[Event "Titled Tuesday intern op 17th May Early"]
[Site "Chess.com INT"]
[Date "2022.05.17"]
[Round "2"]
[White "Zhigalko, Sergei"]
[Black "Butti, Enrique"]
[Result "1-0"]
[WhiteElo "2572"]
[BlackElo "2065"]
[PlyCount "31"]
[EventDate "2022.05.17"]
[EventType "swiss (blitz)"]
[EventRounds "11"]
[EventCountry "USA"]
[SourceTitle "CBM 208 Extra"]
[Source "ChessBase"]
[SourceDate "2022.07.31"]
[SourceVersion "1"]
[SourceVersionDate "2022.07.31"]
[SourceQuality "1"]

1. e4 c5 2. Nf3 d6 3. d4 cxd4 4. Qxd4 a6 5. Bc4 Nc6 6. Qd3 e6 7. Nc3 Nf6 8. Bf4 Be7 9. O-O-O e5 10. Bg5 Be6 11. Bxf6 gxf6 12. Nd5 Rc8 13. Kb1 Na5 14. Bb3 Rc5 15. Ne3 Qc7 16. Nh4 1-0

[Event "Titled Tuesday intern op 17th May Early"]
[Site "Chess.com INT"]
[Date "2022.05.17"]
[Round "3"]
[White "Wagner, Dinara"]
[Black "Zhigalko, Sergei"]
[Result "0-1"]
[WhiteElo "2287"]
[BlackElo "2572"]
[PlyCount "38"]
[EventDate "2022.05.17"]
[EventType "swiss (blitz)"]
[EventRounds "11"]
[EventCountry "USA"]
[SourceTitle "CBM 208 Extra"]
[Source "ChessBase"]
[SourceDate "2022.07.31"]
[SourceVersion "1"]
[SourceVersionDate "2022.07.31"]
[SourceQuality "1"]

1. d4 Nf6 2. c4 e6 3. Nf3 b6 4. a3 Ba6 5. Qc2 Bb7 6. Nc3 c5 7. e4 cxd4 8. Nxd4 Nc6 9. Be3 Ng4 10. Nxc6 Nxe3 11. fxe3 Bxc6 12. Qd2 Qg5 13. Bd3 Bc5 14. Nd1 O-O 15. b4 Bd6 16. O-O Qe5 17. Nc3 Qxh2+ 18. Kf2 f5 19. e5 Bxe5 0-1

[Event "Titled Tuesday intern op 07th Jun Early"]
[Site "Chess.com INT"]
[Date "2022.06.07"]
[Round "3"]
[White "Altman, Joshua"]
[Black "Zhigalko, Sergei"]
[Result "0-1"]
[WhiteElo "2095"]
[BlackElo "2572"]
[PlyCount "72"]
[EventDate "2022.06.07"]
[EventType "swiss (blitz)"]
[EventRounds "11"]
[EventCountry "USA"]
[SourceTitle "CBM 208 Extra"]
[Source "ChessBase"]
[SourceDate "2022.07.31"]
[SourceVersion "1"]
[SourceVersionDate "2022.07.31"]
[SourceQuality "1"]

1. d4 Nf6 2. c4 e6 3. Nf3 b6 4. g3 Ba6 5. Qa4 Bb7 6. Bg2 c5 7. dxc5 bxc5 8. O-O Be7 9. Nc3 O-O 10. Rd1 Qb6 11. Qc2 d6 12. a3 Nbd7 13. Rb1 Rab8 14. b4 cxb4 15. axb4 Rfc8 16. Nd2 Bxg2 17. Kxg2 Ne5 18. Nce4 Qb7 19. f3 Nxe4 20. Qxe4 Qxe4 21. Nxe4 Nxc4 22. Bf4 Rb6 23. Rbc1 d5 24. Nc5 Rxb4 25. Nd3 Rb7 26. e4 g5 27. Be5 f6 28. Bd4 e5 29. Bf2 d4 30. f4 Rbc7 31. fxg5 fxg5 32. Kg1 g4 33. Rc2 Bg5 34. Nb4 Ne3 35. Bxe3 Bxe3+ 36. Kf1 Rxc2 0-1

[Event "Titled Tuesday intern op 07th Jun Early"]
[Site "Chess.com INT"]
[Date "2022.06.07"]
[Round "5"]
[White "Domingo Nunez, Ruben"]
[Black "Zhigalko, Sergei"]
[Result "1-0"]
[WhiteElo "2382"]
[BlackElo "2572"]
[PlyCount "63"]
[EventDate "2022.06.07"]
[EventType "swiss (blitz)"]
[EventRounds "11"]
[EventCountry "USA"]
[SourceTitle "CBM 208 Extra"]
[Source "ChessBase"]
[SourceDate "2022.07.31"]
[SourceVersion "1"]
[SourceVersionDate "2022.07.31"]
[SourceQuality "1"]

1. c4 e5 2. g3 Nf6 3. Bg2 c6 4. d4 exd4 5. Qxd4 Na6 6. Nc3 Bc5 7. Qe5+ Be7 8. Nf3 O-O 9. O-O Re8 10. Qd4 Nc5 11. Rd1 a5 12. h3 d6 13. Be3 Qc7 14. b3 h6 15. Rac1 Bf5 16. Qf4 Qc8 17. Kh2 Bh7 18. Qd4 Bf8 19. Bxh6 Nce4 20. Nxe4 Rxe4 21. Qb2 gxh6 22. Qxf6 Rxe2 23. Rd4 Bg7 24. Qxd6 Bxd4 25. Qxd4 Rxa2 26. Ne5 Qd8 27. Nd7 Bg6 28. Rd1 Qe7 29. Nf6+ Kf8 30. Nd7+ Kg8 31. Nf6+ Kf8 32. Nd5 1-0

[Event "Titled Tuesday intern op 07th Jun Early"]
[Site "Chess.com INT"]
[Date "2022.06.07"]
[Round "6"]
[White "Zhigalko, Sergei"]
[Black "Mikhalsky, Vladimir"]
[Result "1/2-1/2"]
[WhiteElo "2572"]
[BlackElo "2269"]
[PlyCount "129"]
[EventDate "2022.06.07"]
[EventType "swiss (blitz)"]
[EventRounds "11"]
[EventCountry "USA"]
[SourceTitle "CBM 208 Extra"]
[Source "ChessBase"]
[SourceDate "2022.07.31"]
[SourceVersion "1"]
[SourceVersionDate "2022.07.31"]
[SourceQuality "1"]

1. e4 g6 2. d4 Bg7 3. Nc3 d6 4. Nf3 a6 5. Be3 Nf6 6. Bd3 O-O 7. O-O Nc6 8. d5 Ne5 9. Nxe5 dxe5 10. a4 e6 11. Bc5 Re8 12. dxe6 Bxe6 13. Qe2 Bf8 14. Bxf8 Rxf8 15. Bc4 Bxc4 16. Qxc4 c6 17. Qb4 Qc7 18. a5 Rfe8 19. Rfd1 Qe7 20. Qxe7 Rxe7 21. f3 Kf8 22. Na4 Nd7 23. Rd3 Rc8 24. Rad1 Rc7 25. h4 h5 26. Kf2 f6 27. Rd6 Kf7 28. Ke3 Kg7 29. c4 Kf7 30. b4 Kg7 31. g4 hxg4 32. fxg4 Kf7 33. Kf3 Kg7 34. Kg3 Rf7 35. R1d2 Re7 36. Nb6 Nxb6 37. axb6 Rc8 38. Rd8 Rxd8 39. Rxd8 Kf7 40. c5 f5 41. gxf5 gxf5 42. exf5 e4 43. Kf2 Kf6 44. Rf8+ Ke5 45. f6 Rh7 46. f7 Kf6 47. Ke3 Rxh4 48. Rb8 Kxf7 49. Rxb7+ Ke6 50. Rc7 Rh3+ 51. Kxe4 Rh4+ 52. Kd3 Rxb4 53. Rxc6+ Kd5 54. Rc7 a5 55. b7 a4 56. c6 a3 57. Rc8 a2 58. Ra8 Kxc6 59. Rxa2 Rxb7 60. Rc2+ Kd7 61. Rc4 Rc7 62. Rd4+ Kc8 63. Ke4 Rd7 64. Rd5 Rxd5 65. Kxd5 1/2-1/2

[Event "Titled Tuesday intern op 07th Jun Early"]
[Site "Chess.com INT"]
[Date "2022.06.07"]
[Round "7"]
[White "Shton, Roman"]
[Black "Zhigalko, Sergei"]
[Result "0-1"]
[WhiteElo "2074"]
[BlackElo "2572"]
[PlyCount "52"]
[EventDate "2022.06.07"]
[EventType "swiss (blitz)"]
[EventRounds "11"]
[EventCountry "USA"]
[SourceTitle "CBM 208 Extra"]
[Source "ChessBase"]
[SourceDate "2022.07.31"]
[SourceVersion "1"]
[SourceVersionDate "2022.07.31"]
[SourceQuality "1"]

1. d4 Nf6 2. Nf3 e6 3. g3 b5 4. Bg2 Bb7 5. O-O c5 6. Bg5 cxd4 7. Bxf6 Qxf6 8. Qxd4 Qd8 9. Ne5 Bxg2 10. Kxg2 d6 11. Nd3 Qc7 12. Qc3 Qb7+ 13. f3 Nc6 14. e4 Rc8 15. Qd2 Be7 16. c3 O-O 17. a4 Na5 18. Qd1 d5 19. axb5 Qxb5 20. exd5 Rfd8 21. Na3 Bxa3 22. Rxa3 Rxd5 23. c4 Nxc4 24. Rb3 Ne3+ 25. Kg1 Nxd1 26. Rxb5 Rxd3 0-1

[Event "Titled Tuesday intern op 07th Jun Late"]
[Site "Chess.com INT"]
[Date "2022.06.07"]
[Round "8"]
[White "Abarca Gonzalez, Nicolas"]
[Black "Zhigalko, Sergei"]
[Result "1-0"]
[WhiteElo "2380"]
[BlackElo "2572"]
[PlyCount "69"]
[EventDate "2022.06.07"]
[EventType "swiss (blitz)"]
[EventRounds "11"]
[EventCountry "USA"]
[SourceTitle "CBM 208 Extra"]
[Source "ChessBase"]
[SourceDate "2022.07.31"]
[SourceVersion "1"]
[SourceVersionDate "2022.07.31"]
[SourceQuality "1"]

1. e4 c5 2. Nf3 Nc6 3. Bb5 Nf6 4. Bxc6 dxc6 5. e5 Nd5 6. O-O h6 7. c4 Nb4 8. d4 Bf5 9. Na3 e6 10. Be3 Qa5 11. dxc5 Rd8 12. Bd2 Bxc5 13. Qb3 Rd3 14. Bc3 Qb6 15. Ne1 Rd7 16. Bxb4 Qxb4 17. Nac2 Qb6 18. Qc3 a5 19. b3 O-O 20. a3 Rfd8 21. b4 axb4 22. axb4 Be7 23. c5 Qb5 24. Na3 Qe2 25. Nc4 Bd3 26. Nxd3 Rxd3 27. Qc1 Bg5 28. Qb1 Rc3 29. Nd6 Qxe5 30. Nxb7 Rb8 31. Nd6 Qd4 32. Ra4 Qd5 33. Qa1 Rb3 34. Ra8 R3xb4 35. Qa7 1-0

[Event "Titled Tuesday intern op 28th Jun Late"]
[Site "Chess.com INT"]
[Date "2022.06.28"]
[Round "8"]
[White "Zhigalko, Sergei"]
[Black "Xiong, Jeffery"]
[Result "0-1"]
[WhiteElo "2572"]
[BlackElo "2688"]
[PlyCount "138"]
[EventDate "2022.06.28"]
[EventType "swiss (blitz)"]
[EventRounds "11"]
[EventCountry "USA"]
[SourceTitle "CBM 209 Extra"]
[Source "ChessBase"]
[SourceDate "2022.09.30"]
[SourceVersion "1"]
[SourceVersionDate "2022.09.30"]
[SourceQuality "1"]

1. e4 e6 2. d4 d5 3. e5 c5 4. c3 Ne7 5. Nf3 Nec6 6. Bd3 b6 7. O-O Ba6 8. Bxa6 Nxa6 9. Re1 Be7 10. Nbd2 Nc7 11. Nf1 f6 12. exf6 gxf6 13. Bf4 Bd6 14. Bg3 Qd7 15. Ne3 O-O-O 16. Qa4 Kb7 17. dxc5 Bxc5 18. Qh4 Rdf8 19. Rad1 Bxe3 20. fxe3 e5 21. e4 Qf7 22. exd5 Nxd5 23. Qe4 Rd8 24. c4 Nde7 25. b4 Qg6 26. Qe2 Nxb4 27. c5 Nec6 28. cxb6 axb6 29. Bf2 Qc2 30. Rb1 Qxe2 31. Rxe2 Ra8 32. Reb2 Rhd8 33. h3 Rxa2 34. Rxa2 Nxa2 35. Rxb6+ Kc7 36. Ra6 Rd1+ 37. Kh2 Nab4 38. Ra4 Kd6 39. Be1 Nd3 40. Bg3 f5 41. Nd4 f4 42. Nf5+ Ke6 43. Ng7+ Kf7 44. Bxf4 Kxg7 45. Be3 Re1 46. Bd2 Re2 47. Bc3 Kf7 48. Rc4 Ne7 49. Rh4 Kg6 50. Rg4+ Kf7 51. Rh4 Kg7 52. Rg4+ Ng6 53. h4 Ndf4 54. Kh1 h5 55. Rg5 Kf6 56. g3 Nd5 57. Ba5 Ra2 58. Bd8+ Kf7 59. Rxh5 Ne3 60. Rh7+ Ke6 61. Bg5 Ra1+ 62. Kh2 Ng4+ 63. Kh3 Nf2+ 64. Kg2 Ra2 65. Kf3 e4+ 66. Ke3 Ne5 67. Rh6+ Kd5 68. Rh8 Nfg4+ 69. Kf4 Rf2# 0-1

[Event "Titled Tuesday intern op 05th Jul Early"]
[Site "Chess.com INT"]
[Date "2022.07.05"]
[Round "1"]
[White "Zhigalko, Sergei"]
[Black "Oye Stromberg, Alexander"]
[Result "1-0"]
[WhiteElo "2572"]
[BlackElo "2304"]
[PlyCount "39"]
[EventDate "2022.07.05"]
[EventType "swiss (blitz)"]
[EventRounds "11"]
[EventCountry "USA"]
[SourceTitle "CBM 209 Extra"]
[Source "ChessBase"]
[SourceDate "2022.09.30"]
[SourceVersion "1"]
[SourceVersionDate "2022.09.30"]
[SourceQuality "1"]

1. e4 e5 2. Nf3 Nc6 3. Bc4 Nf6 4. d3 Bc5 5. O-O O-O 6. Nbd2 a6 7. c3 d6 8. Bb3 Be6 9. Bc2 Ba7 10. h3 h6 11. Re1 Ne7 12. Nf1 Ng6 13. d4 c6 14. Ng3 Re8 15. Be3 Qc7 16. Qe2 Rad8 17. dxe5 Bxe3 18. exf6 Ba7 19. Nh5 d5 20. e5 1-0

[Event "Titled Tuesday intern op 05th Jul Early"]
[Site "Chess.com INT"]
[Date "2022.07.05"]
[Round "3"]
[White "Zhigalko, Sergei"]
[Black "Lewtak, Damian"]
[Result "1-0"]
[WhiteElo "2572"]
[BlackElo "2397"]
[PlyCount "113"]
[EventDate "2022.07.05"]
[EventType "swiss (blitz)"]
[EventRounds "11"]
[EventCountry "USA"]
[SourceTitle "CBM 209 Extra"]
[Source "ChessBase"]
[SourceDate "2022.09.30"]
[SourceVersion "1"]
[SourceVersionDate "2022.09.30"]
[SourceQuality "1"]

1. e4 b6 2. d4 Bb7 3. Bd3 e6 4. Nf3 Ne7 5. O-O g6 6. Re1 Bg7 7. c3 d6 8. a4 a6 9. Nbd2 Nd7 10. Nf1 O-O 11. h4 e5 12. h5 d5 13. h6 Bh8 14. Bg5 f6 15. Bd2 c6 16. Ng3 Re8 17. Qb3 Kf8 18. c4 dxe4 19. Nxe4 Nf5 20. Bb4+ c5 21. dxc5 Bxe4 22. cxb6+ Ne7 23. Bxe4 Qxb6 24. Bxa8 Rxa8 25. a5 Qc7 26. Qa3 Nb8 27. Bd6 Qb7 28. Nd2 Nbc6 29. Ne4 Re8 30. Rad1 Nd4 31. Nc5 Qc8 32. Rxd4 exd4 33. Ne6+ Kf7 34. Bxe7 d3 35. Qxd3 Rxe7 36. Nd8+ Ke8 37. Rxe7+ Kxe7 38. Qe4+ Kxd8 39. Qd5+ Ke7 40. b4 f5 41. g3 Bc3 42. b5 Bxa5 43. Qe5+ Kd7 44. Qg7+ Kd6 45. Qxh7 Qxc4 46. Qxg6+ Kc5 47. h7 Bc3 48. bxa6 Qa2 49. Qxf5+ Kb4 50. Qe4+ Kc5 51. Qf5+ Kb4 52. Qf4+ Kc5 53. Qg5+ Kb4 54. Qg8 Qa1+ 55. Kg2 Be5 56. Qg4+ Bd4 57. h8=Q 1-0

[Event "Titled Tuesday intern op 05th Jul Early"]
[Site "Chess.com INT"]
[Date "2022.07.05"]
[Round "5"]
[White "Zhigalko, Sergei"]
[Black "Bortnyk, Olexandr"]
[Result "0-1"]
[WhiteElo "2572"]
[BlackElo "2604"]
[PlyCount "170"]
[EventDate "2022.07.05"]
[EventType "swiss (blitz)"]
[EventRounds "11"]
[EventCountry "USA"]
[SourceTitle "CBM 209 Extra"]
[Source "ChessBase"]
[SourceDate "2022.09.30"]
[SourceVersion "1"]
[SourceVersionDate "2022.09.30"]
[SourceQuality "1"]

1. e4 d6 2. d4 Nf6 3. Nc3 Nbd7 4. Nf3 e5 5. Bc4 Be7 6. O-O O-O 7. Re1 b6 8. a4 a5 9. Ba2 Bb7 10. Bg5 h6 11. Bh4 Re8 12. Bg3 Bf8 13. Qd3 c6 14. Rad1 Qe7 15. Nh4 Nh5 16. Nf5 Qf6 17. dxe5 Nxe5 18. Bxe5 dxe5 19. Qd7 Rab8 20. Qc7 Nf4 21. Qxb6 g6 22. Ne3 Ne6 23. Bxe6 Qxe6 24. Qxa5 Rec8 25. Qa7 Ba8 26. Qd7 Qxd7 27. Rxd7 Rxb2 28. Rb1 Rxb1+ 29. Nxb1 c5 30. f3 Bc6 31. Ra7 c4 32. Ra5 Bb4 33. Rxe5 f6 34. Re6 Bc5 35. Kf2 Bxa4 36. Nc3 Bxc2 37. Ncd5 Bb3 38. Rxf6 c3 39. Nxc3 Bxe3+ 40. Kxe3 Rxc3+ 41. Kd4 Rc4+ 42. Kd3 Rc1 43. Rxg6+ Kh7 44. Rb6 Bf7 45. Ke3 Rc2 46. Rb7 Kg8 47. g4 Rxh2 48. Kf4 Rf2 49. Kg3 Rf1 50. Rb6 Kg7 51. Rb7 Kg6 52. Rb6+ Kg7 53. Rb7 Kf6 54. Rb6+ Be6 55. Kf4 Ke7 56. Rb7+ Kd6 57. Rb6+ Ke7 58. Rb7+ Kf6 59. Rb6 Re1 60. Ra6 Re2 61. Ra7 Rb2 62. Ra6 Rb5 63. Rc6 Ra5 64. Rb6 Rc5 65. Ra6 Rc7 66. Rb6 Ra7 67. Rc6 Rf7 68. Rb6 Rf8 69. Ra6 Kg7+ 70. Kg3 Bc4 71. Ra7+ Kg8 72. Rc7 Bf7 73. Rc6 Kg7 74. Rc7 Ra8 75. Rb7 Ra3 76. Kf4 Ra6 77. Rc7 Kf6 78. Rb7 Be6 79. Rc7 Bf7 80. Rb7 Rc6 81. Ra7 Bc4 82. Rh7 Kg6 83. Rb7 Be2 84. Ke3 Bd1 85. Kf4 Rf6+ 0-1

[Event "Titled Tuesday intern op 05th Jul Late"]
[Site "Chess.com INT"]
[Date "2022.07.05"]
[Round "4"]
[White "Yurovskich, Oleksandr"]
[Black "Zhigalko, Sergei"]
[Result "0-1"]
[WhiteElo "2328"]
[BlackElo "2572"]
[PlyCount "88"]
[EventDate "2022.07.05"]
[EventType "swiss (blitz)"]
[EventRounds "11"]
[EventCountry "USA"]
[SourceTitle "CBM 209 Extra"]
[Source "ChessBase"]
[SourceDate "2022.09.30"]
[SourceVersion "1"]
[SourceVersionDate "2022.09.30"]
[SourceQuality "1"]

1. d4 Nf6 2. c4 e6 3. Nc3 Bb4 4. e3 O-O 5. Nge2 d5 6. a3 Be7 7. Ng3 c5 8. dxc5 Bxc5 9. b4 Bb6 10. cxd5 exd5 11. Bd3 Nc6 12. Nce2 d4 13. e4 Ne5 14. O-O Bd7 15. Bf4 Ba4 16. Qd2 Nxd3 17. Qxd3 a6 18. Rac1 Re8 19. Bg5 h6 20. Bxf6 Qxf6 21. Kh1 Bb5 22. Qd2 Rad8 23. f3 Kh7 24. Rfd1 Ba4 25. Re1 g6 26. Nf4 Bc6 27. Nd3 Bc7 28. Nf1 Qh4 29. Qf2 Qe7 30. Nd2 Bb5 31. Nc4 h5 32. Red1 b6 33. Ndb2 Bf4 34. Rc2 Qf6 35. a4 Be3 36. Qe2 Bd7 37. Nxe3 dxe3 38. Qxe3 Bxa4 39. Rxd8 Rxd8 40. Re2 Bb5 41. Re1 Qxb2 42. e5 Qd4 43. Qg5 Qd2 44. Rg1 Qxg5 0-1

[Event "Titled Tuesday intern op 12th Jul Early"]
[Site "Chess.com INT"]
[Date "2022.07.12"]
[Round "1"]
[White "Avazkhonov, Alikhon"]
[Black "Zhigalko, Sergei"]
[Result "0-1"]
[WhiteElo "1538"]
[BlackElo "2572"]
[PlyCount "60"]
[EventDate "2022.07.12"]
[EventType "swiss (blitz)"]
[EventRounds "11"]
[EventCountry "USA"]
[SourceTitle "EXT 2023"]
[Source "ChessBase"]
[SourceDate "2022.10.05"]
[SourceVersion "1"]
[SourceVersionDate "2022.10.05"]
[SourceQuality "1"]

1. d4 Nf6 2. c4 e6 3. Nc3 Bb4 4. e3 O-O 5. Bd2 b6 6. Nf3 Bb7 7. Bd3 d5 8. cxd5 exd5 9. Rc1 a6 10. O-O Bd6 11. Ne5 c5 12. f4 Nc6 13. Qf3 cxd4 14. Nxc6 Bxc6 15. exd4 Re8 16. Rce1 b5 17. Re5 b4 18. Ne2 Ne4 19. Bxe4 dxe4 20. Rxe8+ Qxe8 21. Qe3 Bd5 22. b3 f5 23. Ng3 g6 24. Rc1 a5 25. Nf1 a4 26. Qe1 axb3 27. axb3 Qb5 28. Rb1 Qd3 29. Ne3 Bf7 30. Qf1 Qxd2 0-1

[Event "Titled Tuesday intern op 12th Jul Early"]
[Site "Chess.com INT"]
[Date "2022.07.12"]
[Round "2"]
[White "Zhigalko, Sergei"]
[Black "Taboas Rodriguez, Daniel"]
[Result "1-0"]
[WhiteElo "2572"]
[BlackElo "2353"]
[PlyCount "93"]
[EventDate "2022.07.12"]
[EventType "swiss (blitz)"]
[EventRounds "11"]
[EventCountry "USA"]
[SourceTitle "EXT 2023"]
[Source "ChessBase"]
[SourceDate "2022.10.05"]
[SourceVersion "1"]
[SourceVersionDate "2022.10.05"]
[SourceQuality "1"]

1. e4 e5 2. Nf3 Nc6 3. Bc4 Bc5 4. b4 Bxb4 5. c3 Be7 6. d4 d6 7. Qb3 Na5 8. Bxf7+ Kf8 9. Qa4 Kxf7 10. Qxa5 c6 11. Qa4 Bg4 12. Nbd2 Qd7 13. dxe5 Nh6 14. h3 Be6 15. exd6 Bxd6 16. Nc4 Kg8 17. Nxd6 Qxd6 18. Bxh6 gxh6 19. Rd1 Qc5 20. O-O Kg7 21. Nd4 Rhe8 22. Nxe6+ Rxe6 23. Rd7+ Kh8 24. Rxb7 Rg8 25. Qxa7 Qxa7 26. Rxa7 Rxe4 27. Rd1 Rb8 28. Rdd7 Rc4 29. Rxh7+ Kg8 30. Rag7+ Kf8 31. Rg3 Rb1+ 32. Kh2 Rb2 33. Rf3+ Kg8 34. Rxh6 Rxa2 35. Rg6+ Kh7 36. Rg4 Rc5 37. Rf7+ Kh6 38. Rf8 Kh7 39. c4 Rc2 40. Rff4 Kh6 41. Kg3 Kh5 42. Rh4+ Kg5 43. Rhg4+ Kh5 44. h4 Rc3+ 45. f3 Rc1 46. Re4 Rg1 47. Re8 1-0

[Event "Titled Tuesday intern op 12th Jul Early"]
[Site "Chess.com INT"]
[Date "2022.07.12"]
[Round "3"]
[White "Barria Zuniga, Daniel"]
[Black "Zhigalko, Sergei"]
[Result "1/2-1/2"]
[WhiteElo "2341"]
[BlackElo "2572"]
[PlyCount "90"]
[EventDate "2022.07.12"]
[EventType "swiss (blitz)"]
[EventRounds "11"]
[EventCountry "USA"]
[SourceTitle "EXT 2023"]
[Source "ChessBase"]
[SourceDate "2022.10.05"]
[SourceVersion "1"]
[SourceVersionDate "2022.10.05"]
[SourceQuality "1"]

1. d4 Nf6 2. c4 e6 3. Nf3 b6 4. g3 Ba6 5. Qc2 Bb4+ 6. Nbd2 Bb7 7. Bg2 Be4 8. Qd1 O-O 9. O-O Bxd2 10. Qxd2 d6 11. b3 Nbd7 12. Bb2 a5 13. Rad1 Qb8 14. Rfe1 b5 15. Bf1 a4 16. Ng5 axb3 17. axb3 bxc4 18. Nxe4 Nxe4 19. Qc2 Qxb3 20. Qxe4 Qxb2 21. Rb1 Qd2 22. Red1 Qa5 23. Qc6 Nf6 24. Qxc4 d5 25. Qc2 Rfc8 26. Rdc1 g6 27. Rb7 Ra7 28. Rb3 Ne4 29. Qb2 c6 30. e3 Rac7 31. Bd3 Qa7 32. Bxe4 dxe4 33. Rbc3 Rb7 34. Qc2 Rb6 35. Qxe4 Qd7 36. Kg2 Qd5 37. Qf3 Rc7 38. Rc5 Qd6 39. h4 h5 40. R1c2 Kf8 41. Qe4 Ke7 42. Qf3 Ke8 43. Qe4 Ke7 44. Qf3 Ke8 45. Qe4 Ke7 1/2-1/2

[Event "Titled Tuesday intern op 12th Jul Early"]
[Site "Chess.com INT"]
[Date "2022.07.12"]
[Round "4"]
[White "Zhigalko, Sergei"]
[Black "Sonis, Francesco"]
[Result "0-1"]
[WhiteElo "2572"]
[BlackElo "2543"]
[PlyCount "70"]
[EventDate "2022.07.12"]
[EventType "swiss (blitz)"]
[EventRounds "11"]
[EventCountry "USA"]
[SourceTitle "EXT 2023"]
[Source "ChessBase"]
[SourceDate "2022.10.05"]
[SourceVersion "1"]
[SourceVersionDate "2022.10.05"]
[SourceQuality "1"]

1. e4 c5 2. Nf3 a6 3. c3 e6 4. d4 d5 5. e5 Bd7 6. Bd3 Bb5 7. Bc2 a5 8. a4 Ba6 9. Na3 Qb6 10. Nb5 cxd4 11. Nfxd4 Nc6 12. Be3 Qd8 13. O-O Nxe5 14. Bf4 Bxb5 15. Nxb5 Bd6 16. Re1 f6 17. Qh5+ Kf8 18. Rad1 Bb8 19. Nd4 Qd7 20. Bg3 Ra6 21. Qh3 h5 22. f4 Ng4 23. Rxe6 Rxe6 24. Bf5 Ba7 25. Bxg4 hxg4 26. Qxh8 Qxa4 27. b3 Qxb3 28. Rc1 Qb2 29. Rf1 Qxc3 30. f5 Bxd4+ 31. Kh1 Rc6 32. h3 Qxg3 33. Qh5 Be5 34. hxg4 Rc4 35. g5 Rh4+ 0-1

[Event "Titled Tuesday intern op 12th Jul Early"]
[Site "Chess.com INT"]
[Date "2022.07.12"]
[Round "5"]
[White "Zhigalko, Sergei"]
[Black "Ambartsumova, Karina"]
[Result "0-1"]
[WhiteElo "2572"]
[BlackElo "2386"]
[PlyCount "106"]
[EventDate "2022.07.12"]
[EventType "swiss (blitz)"]
[EventRounds "11"]
[EventCountry "USA"]
[SourceTitle "EXT 2023"]
[Source "ChessBase"]
[SourceDate "2022.10.05"]
[SourceVersion "1"]
[SourceVersionDate "2022.10.05"]
[SourceQuality "1"]

1. e4 c5 2. Nf3 e6 3. c3 d5 4. e5 d4 5. Bd3 Ne7 6. O-O h6 7. Re1 Nbc6 8. Na3 a6 9. Nc4 Nd5 10. a4 Be7 11. Be4 O-O 12. a5 Rb8 13. Qc2 f5 14. exf6 Bxf6 15. Nfe5 Nxe5 16. Nxe5 Bxe5 17. Bh7+ Kh8 18. Rxe5 Qf6 19. Re2 Nf4 20. d3 Nxe2+ 21. Qxe2 Kxh7 22. c4 Bd7 23. Bd2 Bc6 24. f3 Rbe8 25. Re1 Qg6 26. Kh1 Rf6 27. b4 cxb4 28. Bxb4 Qf7 29. Kg1 Rg6 30. Rf1 Qf5 31. Kh1 e5 32. h3 Qf4 33. Bd2 Qg3 34. Be1 Qg5 35. Bd2 Qf5 36. Re1 Rf6 37. Kh2 Qh5 38. Rf1 Ref8 39. Re1 Bxf3 40. Qxe5 Qxe5+ 41. Rxe5 Bc6 42. Be1 Re8 43. Bg3 Rxe5 44. Bxe5 Rf7 45. Kg3 Rd7 46. Kf4 Bxg2 47. h4 Bc6 48. c5 g6 49. Bd6 Rf7+ 50. Ke5 Rf3 51. Kxd4 Bb5 52. Ke4 Rxd3 53. c6 bxc6 0-1

[Event "Titled Tuesday intern op 12th Jul Early"]
[Site "Chess.com INT"]
[Date "2022.07.12"]
[Round "6"]
[White "Estrada Nieto, Julian"]
[Black "Zhigalko, Sergei"]
[Result "0-1"]
[WhiteElo "2263"]
[BlackElo "2572"]
[PlyCount "96"]
[EventDate "2022.07.12"]
[EventType "swiss (blitz)"]
[EventRounds "11"]
[EventCountry "USA"]
[SourceTitle "EXT 2023"]
[Source "ChessBase"]
[SourceDate "2022.10.05"]
[SourceVersion "1"]
[SourceVersionDate "2022.10.05"]
[SourceQuality "1"]

1. e4 c5 2. Nf3 Nc6 3. Bb5 Nf6 4. Nc3 Qc7 5. O-O Nd4 6. Bc4 e6 7. d3 a6 8. a4 Be7 9. Be3 Nc6 10. Qe2 O-O 11. d4 Ng4 12. d5 Nd4 13. Bxd4 cxd4 14. Nb1 b6 15. Nbd2 Bb7 16. h3 Ne5 17. Nxe5 Qxe5 18. Nf3 Qf6 19. e5 Qf4 20. d6 Bxf3 21. Qxf3 Bg5 22. Qxf4 Bxf4 23. Rfe1 Rfc8 24. Bb3 Rc5 25. Re4 Bxe5 26. f4 Bf6 27. g4 g6 28. g5 Bg7 29. Rd1 Rac8 30. Kg2 R5c6 31. h4 Rxd6 32. h5 Rc5 33. h6 Bh8 34. Kf3 Kf8 35. Kg4 Ke7 36. Rd3 Rdc6 37. Re2 Rc8 38. Rd1 d5 39. Rd3 Kd6 40. c3 dxc3 41. bxc3 Rxc3 42. Rxc3 Rxc3 43. Bc2 b5 44. axb5 axb5 45. Rd2 b4 46. Ba4 Ra3 47. Be8 Ke7 48. Bb5 Bc3 0-1